Radicante

Guardat en:
Dades bibliogràfiques
Autor principal: Bourriaud, Nicolas
Altres autors: Guillemont, Michèle (traductora)
Format: Desconegut
Idioma:anglès
Publicat: Buenos Aires, Chile. Adriana Hidalgo, 2009
Edició:1a.edición en Argentina
Col·lecció:Los sentidos / artes visuales
Matèries:
Etiquetes: Afegir etiqueta
Sense etiquetes, Sigues el primer a etiquetar aquest registre!

MARC

LEADER 00000 a2200000 4500
003 CL-VaPUC
005 20240731102540.0
008 210510b ||||| |||| 00| 0 eng d
999 |c 432922  |d 432920 
020 |a 9789871556120 
040 |c Pontificia Universidad Católica de Valparaíso 
082 |a 700.4112 BOU 2009 
100 |a Bourriaud, Nicolas  |9 860853 
245 |a Radicante 
250 |a 1a.edición en Argentina  
260 |a Buenos Aires, Chile.  |b Adriana Hidalgo,  |c 2009 
300 |a 223 páginas  
490 |a Los sentidos / artes visuales 
583 |k Cristina Rojas  |c 20210511 
650 0 |a Altermodern (Arte)  |9 861414 
650 0 |a Arte moderno  |y Siglo 20  |9 265333 
650 0 |a Cultura y globalización   |9 530870 
700 |a Guillemont, Michèle  |e traductora   |9 861359 
942 |2 ddc  |c BK 
952 |0 0  |1 0  |2 ddc  |4 0  |6 700_411200000000000_BOU_2009  |7 0  |8 A  |9 578028  |a BIBART  |b BIBART  |d 2021-06-07  |e 135  |g 19000.00  |i 5583993  |o 700.4112 BOU 2009  |p 5583993  |r 2025-03-13  |t 1  |v 19000.00  |w 2021-06-07  |y BK  |k ART